Bases fisiológicas del ejercicio /

Bibliographic Details
Main Author: Bazán, Nelio Eduardo (Author)
Format: Electronic eBook
Language:Spanish
Published: [Barcelona] : Editorial Paidotribo, [2014]
Edition:Primera edición.
Subjects:
Online Access:Digitalia Hispánica

MARC

LEADER 00000nam a2200000Ii 4500
001 DIGEDPBR0001
003 NyNyDIG
006 m o d
007 cr |||||||||||
008 250310s2014 sp a ob 000 0 spa d
035 |a (OCoLC)1007191373 
040 |a DGITA  |b eng  |e rda  |e pn  |c DGITA 
020 |a 9788419824080  |q ePub 
020 |z 9788499100777 
050 1 4 |a QP309 ebook 
082 0 4 |a 612.044  |2 23 
100 1 |a Bazán, Nelio Eduardo,  |e author. 
245 1 0 |a Bases fisiológicas del ejercicio /  |c Nelio Eduardo Bazán. 
250 |a Primera edición. 
264 1 |a [Barcelona] :  |b Editorial Paidotribo,  |c [2014] 
300 |a 1 online resource :  |b illustrations. 
336 |a text  |b txt  |2 rdacontent 
337 |a computer  |b c  |2 rdamedia 
338 |a online resource  |b cr  |2 rdacarrier 
347 |a text file  |2 rdaft 
347 |b EPUB 
504 |a Includes bibliographical references. 
588 0 |a Online resource; title from ePub title page (Digitalia, viewed March 10, 2025) 
650 0 |a Exercise  |x Physiological aspects. 
791 2 |a Digitalia (Firm),  |e distributor. 
793 0 |g Digitalia eBook Collection:  |a Editorial Paidotribo 
776 0 8 |i Print version:  |a Bazán, Nelio Eduardo.  |t Bases fisiológicas del ejercicio.  |b Primera edición.  |d [Barcelona] : Editorial Paidotribo, [2014]  |z 9788499100777 
856 4 0 |3 Digitalia Hispánica  |u https://www.digitaliapublishing.com/a/159658/ 
910 |a Premium collection: 2025